| 000 | 00716nam a2200229 4500 | ||
|---|---|---|---|
| 001 | 41052 | ||
| 003 | BD-RjUL | ||
| 005 | 20211209053324.0 | ||
| 008 | 160514s2007 bg ||||| |||| 00| 0 ben d | ||
| 020 | _c: Tk. 40.00 | ||
| 035 | _a(BD-RjUL) 41168 | ||
| 040 |
_aBD-RjUL _bben _cBD-RjUL _dBD-RjUL |
||
| 041 | _aben | ||
| 082 |
_223 _a891.441 _bRAA 2007 |
||
| 100 |
_aরাজকুমার _9126315 |
||
| 245 | 1 | 0 |
_aআলো ভালোবাসো / _cরাজকুমার |
| 260 |
_aরাজশাহী : _bলেখক, _c২০০৭ |
||
| 300 |
_a৩২ পৃ. ; _c২১ সেমি. |
||
| 650 |
_aবাংলা কবিতা _9126316 |
||
| 650 |
_aBengali poetry _9126317 |
||
| 942 |
_2ddc _cBK |
||
| 999 |
_c41052 _d41052 |
||